Social identity, gender and unequal opportunity of earning in urban India: 2017–2018 to 2019–2020 (Record no. 521766)

000 -LEADER
fixed length control field 01626nam a22001577a 4500
008 - FIXED-LENGTH DATA ELEMENTS--GENERAL INFORMATION
fixed length control field 230227b ||||| |||| 00| 0 eng d
100 ## - MAIN ENTRY--PERSONAL NAME
Personal name Das, Panchanan and Biswas, Sumita
245 ## - TITLE STATEMENT
Title Social identity, gender and unequal opportunity of earning in urban India: 2017–2018 to 2019–2020
260 ## - PUBLICATION, DISTRIBUTION, ETC. (IMPRINT)
Place of publication, distribution, etc The Indian Journal of Labour Economics
300 ## - PHYSICAL DESCRIPTION
Extent 65(1), Jan-Mar, 2022: p.39-57
520 ## - SUMMARY, ETC.
Summary, etc This study measures inequality of opportunity in earnings of different types of workers living in urban locations by using methodology similar to those developed in Ferreira and Gignoux (Review of Income and Wealth 57: 622–657, 2011) with household-level data taken from Periodic the Labour Force Surveys. In calculating the index of unequal opportunity, we use ex ante concept of equal opportunity, and gender, social status and parent’s education as circumstance variables. Shapley decomposition is performed to find out the relative roles of the circumstance variables in unequal opportunity in earnings. This empirical exercise reveals that a substantial part (nearly one-fourth) of total earning inequality is accounted for by inequality of opportunity in urban India. Parental education plays a significant role in contributing to unequal opportunity for regular salaried and self-employed workers, and gender difference is very much important in explaining unequal earning opportunity for casual wage workers. – Reproduced
650 ## - SUBJECT ADDED ENTRY--TOPICAL TERM
Topical term or geographic name as entry element Inequality of opportunity, Earning inequality, India
9 (RLIN) 35966
773 ## - HOST ITEM ENTRY
Main entry heading The Indian Journal of Labour Economics
906 ## - LOCAL DATA ELEMENT F, LDF (RLIN)
Subject DIP URBAN DEVELOPMENT
942 ## - ADDED ENTRY ELEMENTS (KOHA)
Item type Articles
Holdings
Withdrawn status Lost status Source of classification or shelving scheme Damaged status Not for loan Permanent location Current location Date acquired Serial Enumeration / chronology Barcode Date last seen Koha item type
          Indian Institute of Public Administration Indian Institute of Public Administration 2023-02-27 65(1), Jan-Mar, 2022: p.39-57 AR128097 2023-02-27 Articles

Powered by Koha